000 00601 a2200217 4500
260 _aPatancheru
711 _d25-29 july 1994
711 _cGaborone, Botswana
100 _aLEUSCHNER, K.%MANTHE, C.S.
260 _bICRISAT
245 _aDrought-tolerant crops for southern Africa
300 _a xiii-358 p.
650 _aCulture%Système de culture
300 _bCouv. ill. en coul., ill.
260 _c1996
130 _lEn
651 _aAfrique du Sud%Botswana
711 _aProceedings of the SADC/ICRISAT regional sorghum and pearl millet workshop
999 _c25656
_d25656